| 000 | 00464 a2200145 4500 | ||
|---|---|---|---|
| 999 |
_c7674 _d7674 |
||
| 020 | _a9780745609324 | ||
| 050 | _aHM 131 GID 1993 | ||
| 100 |
_aGiddens, Anthony _eauthor |
||
| 245 |
_aModernity and self identity : _bself and society in the late modern age / _cAnthony Giddens |
||
| 264 |
_aU.K. : _bPolity Press, _c1993 |
||
| 300 | _a256p.: | ||
| 500 | _aIncludes bibliographical references and index | ||
| 650 | _aTrajectory of self | ||
| 942 |
_2lcc _cBK _h131 _iGID _kHM |
||